[Event "Tonto Village Chess.com"]
[Site "Tonto Village"]
[Date "2011.06.05"]
[Round "2.2"]
[White "Atalik, Suat"]
[Black "Pruess, David"]
[Result "1/2-1/2"]
[WhiteElo "2616"]
[BlackElo "2358"]
[Annotator "Atalik,S"]
[PlyCount "124"]
[EventDate "2011.06.04"]
[EventType "schev"]
[EventRounds "4"]
[EventCountry "USA"]
[SourceTitle "CBM 142 Extra"]
[Source "ChessBase"]
[SourceDate "2011.06.27"]
[SourceVersion "1"]
[SourceVersionDate "2011.06.27"]
[SourceQuality "1"]

1. d4 Nf6 2. c4 e6 3. Nf3 b6 4. g3 Ba6 5. b3 Bb4+ 6. Bd2 Be7 7. Bg2 c6 8. Bc3
d5 (8... Ne4 9. d5) 9. Nbd2 {In this very last game of the tournament I wanted
to play as solid as I could do.} (9. Ne5 Nfd7 10. Nxd7 Nxd7 11. Nd2 O-O 12. O-O
{is known to be a sharper line.}) 9... Nbd7 (9... O-O $6 10. Ne5 Nfd7 11. Nd3
$14) 10. O-O O-O 11. Re1 c5 12. e4 dxe4 (12... dxc4 $5 13. Nxc4 (13. bxc4 cxd4
14. Nxd4 Ne5 15. Nxe6 fxe6 16. Bxe5 Bc5 $44) 13... cxd4 (13... Bb7 14. e5 Nd5
15. Bd2) 14. Nxd4 Rc8 15. Rc1 $5 {is what I have played against Ehlvest back
in time.} (15. e5 Nd5 16. Bxd5 exd5 17. Nf5 $40 dxc4 18. Qg4 g6 (18... Bg5 19.
e6 fxe6 20. Nxg7 $40) 19. Red1 h5 20. Nxe7+ Qxe7 21. Rxd7 hxg4 22. Rxe7 cxb3
23. axb3 $11)) (12... Nxe4 13. Nxe4 dxe4 14. Rxe4 Bb7 15. Re2 Bf6 16. Rd2 {
and this I have even tried against Karpov.}) 13. Ng5 $5 (13. Nxe4 Bb7 14. Nfg5
cxd4 (14... Qc7 15. Nxf6+ Bxf6 16. Bxb7 Qxb7 17. Ne4 Bxd4 18. Bxd4 cxd4 19.
Qxd4 $14) 15. Bxd4 Nxe4 16. Nxe4 Qc7 $11) 13... cxd4 (13... b5 $6 {is a move
which occupied my mind during the game.} 14. Ndxe4 $1 (14. dxc5 bxc4 15. c6 Nd5
16. Ngxe4) (14. cxb5 Nd5) 14... bxc4 15. dxc5 (15. Nxf6+ Nxf6 16. Bxa8 Qxa8 $44
) 15... Nd5 16. Bxg7 $3 (16. bxc4 Nxc3 17. Nxc3 Rc8) 16... Kxg7 17. Qg4 $40)
14. Bxd4 Bc5 $146 {An interesting novelty by IM Pruess.} (14... Bb4 15. Ngxe4 (
15. Re2) (15. a3 $2 Bxd2 16. Qxd2 Nc5 17. Qc3 Nxb3) 15... Nxe4 16. Bxe4 Rc8 17.
a3 Bxd2 18. Qxd2 Nc5 19. Bc2 $14) 15. Ndxe4 (15. Bxc5 Nxc5 16. Ndxe4 Nfxe4 17.
Nxe4 Nxe4 18. Bxe4 Rc8 $14) 15... Bxd4 16. Qxd4 h6 17. Nxf6+ (17. Nf3 Nxe4 18.
Qxe4 Nc5 19. Qe3 Bb7 20. Rad1 $14) 17... Nxf6 18. Nf3 Bb7 19. Rad1 Qe7 {
I believe both sides played natural moves till here.} (19... Qc7 20. Qe5) (
19... Bxf3 20. Bxf3 {is always an issue but I prefer the bishop.}) 20. Qd6 Qxd6
21. Rxd6 Rfd8 22. Red1 Rxd6 23. Rxd6 Kf8 (23... Bxf3 $6 24. Bxf3 Rc8 25. Bb7
Rc7 (25... Rb8 26. Ba6) 26. Rd8+ Kh7 27. Bf3 Rd7 28. Ra8 $16) 24. Ne5 Bxg2 25.
Kxg2 Ke7 26. Rd3 Rc8 27. b4 Rc7 28. b5 (28. Ra3 $142 Kd6 29. f4 {could have
turned out to be better.}) 28... Nd7 29. Nc6+ Kf6 30. Rf3+ Kg6 31. h4 $1 (31.
Ra3 $6 Kf5 32. Rxa7 Rxa7 33. Nxa7 Ke4 34. Nc6 (34. Nc8 $2 Kd4 $17) 34... Kd3
35. Nd8 Kxc4 36. Nxf7 Kxb5 37. Nd6+ Kb4 $17) (31. g4 $5 a5 $132) 31... f6 $1 (
31... h5 32. Ra3 Kf5 33. Rxa7 Rxa7 34. Nxa7 Ke4 35. Nc6 (35. Nc8 $6 Kd4 36. Nd6
f5 37. Kf3 Ne5+ 38. Kf4 Nd3+ 39. Kg5 Nxf2 40. Kg6 Ne4 $17) 35... Kd3 36. Nd8
Kxc4 37. Nxf7 Kxb5 38. Nd6+ Kb4 39. Kf3 $13 {Now at least there is a weakness
on the kingside.}) (31... f5 $2 32. Ra3 Kf6 33. f4 e5 34. Rxa7 Rxa7 35. Nxa7
exf4 36. gxf4) 32. Ra3 Ne5 33. Nxe5+ fxe5 34. Kf3 Kf5 $1 {Black needs to
soften White's kingside.} 35. g4+ Kf6 36. Rc3 {I had some hopes in the endgame.
} (36. Ra4 Ke7 37. Ke4 Kd6 38. f3 Rf7 $132) 36... Rd7 37. Ke3 (37. c5 $6 bxc5
38. Rxc5 Rd3+ $11) 37... Rd4 38. f3 h5 39. gxh5 (39. g5+ $2 Kf5 40. c5 bxc5 41.
Rxc5 Rxh4 42. Rc7 Ra4 $17) 39... Rxh4 40. Ra3 Rxc4 41. Rxa7 Rb4 42. a4 Rb3+ 43.
Ke4 (43. Kf2 $6 Rb2+ 44. Kg3 Rb3 45. Rb7 e4 46. Rxb6 Rxf3+ 47. Kg4 (47. Kg2 Rf4
48. Rb8 Ke5 49. Rc8 e3 50. b6 e2 51. b7 Rb4 52. Kf2 Rxb7 53. Kxe2 $11) 47...
Rf1 48. Rc6 e3 49. Rc2 Ra1 $11) 43... Rb4+ 44. Kd3 Rb3+ 45. Ke2 (45. Kc4 Rxf3
46. a5 Rf4+ $11) 45... Rb2+ 46. Kd1 Ra2 47. Ra6 Kf5 48. Rxb6 (48. Kc1 Ra3 49.
Kb2 Rxf3 50. Rxb6 e4 (50... Rf2+ $2 51. Kc3 Rf3+ 52. Kb4 Rf4+ 53. Ka5 e4 54.
Rc6 e3 55. Rc1 e2 56. Re1 $18) 51. Ra6 (51. Rb8 $2 e3 52. Kc3 Ke4 $19) 51... e3
52. Kc3 Rf4 53. Kd3 Re4 54. Ke2 Kf4 55. Ra7 Rb4 $11) 48... Rxa4 49. Rb8 e4 $1 {
The simplest.} (49... Rb4 50. b6 e4 $1 $11 (50... Kf6 $2 51. b7 Kf7 52. Kc2 Rb6
53. Kc3 Rb1 54. Kc4 Rb2 55. Kc5 Rc2+ 56. Kd6 Rd2+ 57. Kxe5 Rd5+ 58. Ke4 Rb5 59.
Kd4 Rb1 60. h6 Kg6 61. hxg7 Kxg7 62. Kc5 Rb2 63. Kc6 Rc2+ 64. Kd6 $18) (50...
Kf4 $2 51. b7 Ke3 52. Kc2 e4 53. fxe4 Kxe4 54. Kc3 Rb1 55. Kc4 e5 56. Kc5 Rc1+
57. Kd6 Rb1 58. Ke6 $18)) 50. b6 Ke5 51. b7 (51. f4+ Kd6 52. Ke2 Ra3 53. Rg8
Kc6 54. Rxg7 Kxb6 55. h6 Kc5 56. h7 Rh3 $11) 51... Rd4+ $5 (51... Rb4 52. f4+
Kd6 53. Ke2 Rb3 54. Rd8+ Kc7 55. Rg8 Kxb7 56. Rxg7+ Kc6 57. h6 Rh3 58. h7 Kd5
$11) 52. Ke1 Rd7 53. f4+ Kd6 (53... Kd4 $5 54. Ke2 e3 55. Kf3 e5 (55... Kd3 $2
56. Re8 Rxb7 57. Rxe6 $16) 56. f5 e2 $1 (56... e4+ $2 57. Ke2 $18) 57. Kxe2 Ke4
58. h6 gxh6 59. f6 Kf4 $11) 54. Ke2 $6 {It was a better idea to support the
h-pawn.} (54. Kf2 $1 Kc7 (54... Kc6 55. Ke3 Kd5 $11) 55. Re8 Kxb7 56. Kg3 $1
Rd1 57. Rxe6 Rg1+ 58. Kh4 Kc7 59. Rxe4 Kd7 60. Re2 Kd6 61. Re5 (61. Re8 Kd7 62.
Rg8 Ke6 $11) 61... Kd7 62. Rg5 Rxg5 63. fxg5 (63. Kxg5 Ke7 64. Kg6 Kf8 65. f5
Kg8 $11) 63... Ke7 $11) 54... Kc7 (54... Kc6 55. Ke3 Kd5 $11) 55. Re8 Kxb7 56.
Rxe6 Rd5 $11 57. Re5 Rxe5 58. fxe5 Kc6 59. Ke3 Kd5 60. Kf4 (60. e6 Kxe6 61.
Kxe4 $11) 60... e3 61. Kxe3 Kxe5 62. h6 (62. Kf3 Kf5 63. Kg3 Kg5 64. h6 $8 (64.
Kh3 $4 Kxh5 65. Kg3 Kg5 $19) 64... Kxh6 65. Kh4 $11) 62... gxh6 1/2-1/2

[Event "CCA-ICC op"]
[Site "Lake George"]
[Date "2005.05.13"]
[Round "5"]
[White "Mikhalevski, Victor"]
[Black "Atalik, Suat"]
[Result "1/2-1/2"]
[WhiteElo "2572"]
[BlackElo "2561"]
[Annotator "Atalik,S"]
[PlyCount "92"]
[EventDate "2005.05.11"]
[EventType "swiss"]
[EventRounds "9"]
[EventCountry "USA"]
[SourceTitle "CBM 106 Extra"]
[Source "ChessBase"]
[SourceDate "2005.07.01"]
[SourceVersion "1"]
[SourceVersionDate "2005.07.01"]
[SourceQuality "1"]

1. d4 Nf6 2. c4 e6 3. g3 Bb4+ {I have tried to take Viktor out of his
automatic pilot. In Lake George he was in a great form and by beating Ehlvest
in the last round he ended up clear first.} 4. Bd2 a5 5. Bg2 O-O 6. Nf3 b6 $5 {
This is Romanishin's great invention used occasionally by me and German GM
Eric Lobron.} 7. Ne5 $6 {I have always found this move innoculous.} Ra7 8. O-O
Ba6 9. Bf4 $5 {Played by the tactical genius Zaid in Tbilisi 1974. The guy got
killed by a bus absent mindely wandering on the street after his immigration
to Israel.} Be7 {I did not want to get bothered about my bishop.} 10. Qc2 d6
11. Nf3 c5 $1 12. dxc5 {Draw offer.} bxc5 {I have always thought that this
kind of pawn structure is a great achievement however things are not very
simple.} 13. Rd1 Qb6 $6 {A risky move.} ({After the normal} 13... Nc6 14. b3 (
14. Ne5 $6 Nb4 15. Qc1 Qb6 $15) (14. Nc3 $5 {even this is possible.} Nb4 (14...
Bxc4 $2 15. Qa4 Nb4 16. a3 Ra8 17. axb4 axb4 18. Qxa8 Qxa8 19. Rxa8 Rxa8 20.
Nd2 bxc3 21. Nxc4 (21. Bxa8 $2 Bxe2 22. Re1 cxd2 23. Bxd2 Bd3 $17) 21... Ra4
22. b3 Ra6 23. Bxd6 Bxd6 24. Bb7 Ra2 25. Nxd6 Rd2 26. Ra1 g5 27. Nc4 $18) 15.
Qd2 e5 16. Bg5 Bxc4 17. Bxf6 Bxf6 18. Qxd6 Qxd6 19. Rxd6 a4 $40) 14... Nb4 15.
Qc1 a4 16. Nc3 axb3 17. axb3 $11) 14. b3 h6 15. Nc3 Rd8 16. Na4 (16. e4 e5 17.
Be3 Nc6 $13) 16... Qc7 17. Rac1 e5 $1 {Black should not be terrified to
compromise his structure in case of activity, this is what Dr. Tarrasch
thought to all of us.} 18. Bd2 Nc6 19. e3 Rb7 20. Ne1 Rbb8 21. Qb1 {Viktor was
burning a lot of time and tried to play safe.} (21. Bxc6 Qxc6 22. Bxa5 Rd7 $44
{is playable for white.}) 21... Bb7 22. Nc3 Na7 23. Bxb7 Qxb7 24. Qf5 Nc6 25.
Qf3 Rd7 26. Nd3 Re8 ({I could not judge the consequences of} 26... a4 $5 27.
bxa4 $1 Qa6 $44) 27. Qg2 Bd8 $1 $13 {The position is totally atypical and this
was increasing my self-esteem especially when my opponent was heading to time
trouble.} ({It is a conceptual mistake to exchange queens in such type of
positions.} 27... Nb4 $2 28. Qxb7 Rxb7 29. Nb2 $16) 28. f3 $138 Nb4 29. Be1 (
29. Nf2 d5 $36) 29... e4 {I have thought that I would come better out of the
complications but Viktor was tough as rock!} 30. Nxe4 $5 ({For me the normal
continuation should have been} 30. fxe4 Nxe4 31. Nxe4 Nxd3 32. Rxd3 Rxe4 33.
Rcd1 a4 34. Rxd6 Rxd6 35. Rxd6 Bg5 36. Bf2 axb3 37. axb3 f5 $11 {providing a
draw.}) 30... Nxe4 31. fxe4 Bg5 $1 {The sting of the scorpion! I have thought
that this makes a difference between two lines.} 32. Nf4 $8 {Here I have
stopped and burned all my time so he caught me on the clock.} Qxe4 {Alas I had
to exchange the queens. Now he has an easy job since almost all the rest of
the moves were forced.} ({It is amazing that after} 32... Rxe4 $6 33. a3 Na6
34. Bxa5 Rxe3 35. Qxb7 Rxb7 36. Rxd6 Nb8 37. Rb1 $3 {This move caused an
headache for me.} (37. Bb6 $2 Nd7 38. Rxd7 Rxd7 39. b4 Rxa3 40. Bxc5 Bxf4 41.
gxf4 Rb3 $17) (37. Rb6 $2 Rxb3 38. Rxb7 Rxb7 $17) (37. b4 $4 Rxa3 $19) 37...
Rexb3 38. Rxb3 Rxb3 39. Rb6 $1 (39. Bc7 $5 Be7 40. Rb6 $16) 39... Rxb6 40. Bxb6
Nd7 41. Bc7 $16 {It is difficult to play against an outside passer.}) 33. Qxe4
Rxe4 34. Bxb4 axb4 35. Kf2 Rde7 36. Rd3 Bxf4 37. gxf4 f5 (37... g5 $2 38. Rg1)
38. h4 Ra7 39. Rc2 Re6 40. Rcd2 {So he made the time control and we have a
dead drawn position over the board.} h5 {I had to be careful. White was
sitting on the better end of the equality.} 41. Rxd6 (41. Rd5 g6 42. Rxd6 Rxd6
43. Rxd6 Rxa2+ $11) 41... Rxd6 42. Rxd6 Rxa2+ 43. Kf3 (43. Ke1 $5 {Attracted
my attention.} Rb2 44. Rd5 Rxb3 45. Kd2 g6 46. Rxc5 Rc3 $11) 43... Rb2 44. Rd5
g6 45. Rxc5 Rxb3 46. Ke2 (46. Rb5 Rb2 $11) 46... Rc3 $1 {Now the exchange of
last queenside pawns was unavoidable. So we have divided the points.} 1/2-1/2

[Event "Alushta"]
[Site "Alushta"]
[Date "1999.03.08"]
[Round "6"]
[White "Atalik, Suat"]
[Black "Nosenko, Alexander"]
[Result "1/2-1/2"]
[WhiteElo "2593"]
[BlackElo "2433"]
[Annotator "Atalik,S"]
[PlyCount "37"]
[EventDate "1999.03.03"]
[EventType "tourn"]
[EventRounds "11"]
[EventCountry "UKR"]
[EventCategory "10"]
[SourceTitle "CBM 070"]
[Source "ChessBase"]
[SourceDate "1999.06.08"]
[SourceVersion "1"]
[SourceVersionDate "1999.06.08"]
[SourceQuality "1"]

1. d4 Nf6 2. c4 e6 3. Nf3 b6 4. g3 Ba6 5. b3 d5 6. cxd5 exd5 7. Bg2 Bb4+ 8. Bd2
Bd6 9. Nc3 O-O 10. O-O Nbd7 11. Rc1 Re8 12. Re1 (12. Bf4 $5 Qe7 $1) 12... c5
13. Bf4 $5 (13. Be3 $142 $1 Bb7 14. Nh4 $14) 13... Bf8 14. Ne5 $6 (14. dxc5
Nxc5 15. Be5 Nce4 16. Bxf6 Nxf6 17. Nd4 $14) 14... Bb7 15. e3 h6 $1 {xBf4} 16.
g4 (16. h4 Nxe5 17. Bxe5 Ne4 $36) 16... Rc8 17. h3 Nxe5 18. Bxe5 (18. dxe5 $5
Ne4 19. Re2 (19. Nxe4 $6 dxe4 20. Qc2 Qd5 $1) 19... Nxc3 $1 (19... g5 $6 20.
Nxe4 dxe4 21. Rd2 Qe7 22. Rd7 Rcd8 23. Rxe7 Rxd1+ 24. Rxd1 Rxe7 25. Bg3 Bg7 26.
Bf1 $44) (19... Ba6 $6 20. Rec2) 20. Rxc3 d4 21. exd4 Bxg2 22. Kxg2 Qd5+ 23. f3
cxd4 24. Rd3 Bc5 $11) 18... Ne4 19. Nxe4 (19. Nxe4 dxe4 20. Bg3 Qf6 (20... b5
$5 21. dxc5 Bxc5 22. Qxd8 Rexd8 23. Red1 Rxd1+ 24. Rxd1 Bb6 $11) 21. Re2 Ba6
22. Rd2 Bd3 23. Bf1 cxd4 24. Rxc8 Rxc8 25. Bxd3 exd3 (25... dxe3 $4 26. Ba6 $1
$18) 26. Rxd3 $1 (26. exd4 Ba3 $3 {Zhubov} 27. Be5 (27. Kg2 $4 Rc1 28. Qf3 Rg1+
$19) 27... Qg5 28. f4 Qh4 29. Kg2 Rc1 $1 {Alexandrova,O} (29... Bb4 30. Rxd3 f6
31. d5 fxe5 32. fxe5 $132) (29... f6 $5 30. b4 fxe5 $1 31. Qb3+ Kh8 32. Qxa3 e4
$19) 30. Qf3 Qe1 31. Qxd3 Qg1+ 32. Kf3 Rf1+ 33. Ke4 Qh1+ 34. Kf5 g6+ 35. Kf6
Qc6+) 26... Ba3 27. Qe2 dxe3 28. Rxe3 $11) 1/2-1/2

[Event "SRB-chT"]
[Site "Kragujevac"]
[Date "2015.08.26"]
[Round "7.1"]
[White "Parligras, Mircea Emilian"]
[Black "Atalik, Suat"]
[Result "1/2-1/2"]
[WhiteElo "2587"]
[BlackElo "2565"]
[Annotator "Atalik,S"]
[PlyCount "92"]
[EventDate "2015.08.20"]
[EventType "team-tourn"]
[EventRounds "11"]
[EventCountry "YUG"]
[SourceTitle "EXT 2016"]
[Source "ChessBase"]
[SourceDate "2015.10.08"]
[SourceVersion "1"]
[SourceVersionDate "2015.10.08"]
[SourceQuality "1"]
[WhiteTeam "Pozega"]
[BlackTeam "Kraljevo Sloga Turist"]
[WhiteTeamCountry "SRB"]
[BlackTeamCountry "SRB"]

1. d4 Nf6 2. c4 e6 3. Nf3 b6 4. g3 Ba6 5. b3 Bb4+ 6. Bd2 Be7 7. Bg2 d5 8. O-O
O-O 9. cxd5 exd5 10. Nc3 Re8 11. Re1 $5 {An interesting move if it is followed
properly.} (11. Bf4 Bb7 12. Rc1 Na6 13. Ne5 h6 $1 (13... Qc8 14. Nd3) (13... c5
14. Nb5 Ne4 15. dxc5 Bxc5 16. Nd3 Qd7 17. a4 $14) 14. Nb5 (14. Nd3 Bf8) 14...
Bf8 $13 {is the new idea which made me to choose this branch of QID.}) 11...
Bb7 12. Rc1 $6 (12. Bc1 Na6 13. Bb2 {is the idea behind Re1.}) 12... Na6 13.
Bf4 Ne4 $1 $15 {All of a sudden the initiative changed hands.} 14. Nxe4 dxe4
15. Ne5 Bb4 $6 {I was in between the text} ({and the direct} 15... Bd6 $142 16.
Qc2 Nb4 17. Qb2 f6 18. Nc4 Bxf4 19. gxf4 Nd5 20. Qd2 $15 (20. e3 Nb4 21. Red1
Bd5 $17)) (15... Bf6 $5) 16. Rf1 Bd6 17. Qc2 (17. Qd2 $2 Bxe5 18. dxe5 Qxd2 19.
Bxd2 Rxe5) 17... Nb4 18. Qb2 Qe7 $2 {That is the move to really put blame on..}
(18... f6 19. Nc4 Bxf4 20. gxf4 Nd5 21. e3 (21. Qd2 $15) 21... Nb4 22. Rc3 Bd5
$15 {should still be better for Black.}) 19. Bd2 $1 Bxe5 (19... Nd5 20. Nc4 a5
$5 $36) 20. dxe5 c5 21. Bxb4 cxb4 22. Rfd1 h5 23. e3 a5 $5 24. Rd6 Qxe5 25.
Qxe5 Rxe5 26. Rxb6 Bc8 27. f4 $1 {Completely overlooked this one.} Re7 28. Rd6
Bg4 $6 (28... Bf5 29. Rc5 g6 30. Bf1 $1 Be6 $11 {is enough to keep the balance.
} (30... a4 $2 31. Bc4 axb3 32. Bxb3)) 29. Rc4 f5 $2 30. h3 $6 ({and what after
} 30. Rd2 $1 $16) 30... Be2 31. Rc2 Bd3 32. Rc5 Rf8 33. Rdd5 ({We both missed} 
33. Bf3 $1) ({but seen} 33. Rxa5 $6 Rc7) 33... Ra7 34. Bf1 $138 a4 $2 {My
optimism has never ended in his time trouble.} (34... Bxf1 35. Kxf1 a4 36. Rxf5
Rxf5 37. Rxf5 axb3 38. axb3 Ra1+ 39. Ke2 Ra2+ 40. Kd1 Ra1+ 41. Kc2 Ra2+ 42. Kc1
Re2 43. Rxh5 Rxe3 $11) 35. Bxd3 exd3 36. Rxd3 $2 (36. Kg2 $1 axb3 37. axb3 Ra2+
38. Kf3 $16) 36... axb3 37. axb3 Ra2 38. Rcd5 $1 $11 {The unavoidable rooks
exchange made me terribly upset.} Rb2 39. Rd8 Rxd8 40. Rxd8+ Kf7 41. Rd3 Kf6 ({
There is no need for} 41... h4 42. gxh4 Kg6 43. Kf1 Kh5 44. Rd7 Rxb3 45. Kf2
Rb2+ 46. Kf3 Rh2 47. Kg3 Re2 $11) 42. h4 Ke7 43. Kf1 Ke6 44. Kg1 (44. Ke1 Rg2
45. Rd4 Rxg3 46. Kd2 Rg4 47. Rxb4 Rxh4 {may not be dangerous for Black.}) 44...
Ke7 45. Kf1 Ke6 46. Kg1 Ke7 1/2-1/2

[Event "Olympiad-35"]
[Site "Bled"]
[Date "2002.11.05"]
[Round "10.2"]
[White "Atalik, Suat"]
[Black "Polgar, Judit"]
[Result "1/2-1/2"]
[WhiteElo "2575"]
[BlackElo "2685"]
[Annotator "Atalik,S"]
[PlyCount "49"]
[EventDate "2002.10.26"]
[EventType "team-swiss"]
[EventRounds "14"]
[EventCountry "SLO"]
[SourceTitle "CBM 092"]
[Source "ChessBase"]
[SourceDate "2003.02.06"]
[SourceVersion "1"]
[SourceVersionDate "2003.02.06"]
[SourceQuality "1"]
[WhiteTeam "Bosnia&Herzegovina"]
[BlackTeam "Hungary"]
[WhiteTeamCountry "BIH"]
[BlackTeamCountry "HUN"]

1. d4 Nf6 2. c4 e6 3. Nf3 b6 4. g3 {Enough with Petrosian System!} Ba6 5. b3
Bb4+ 6. Bd2 Be7 7. Bg2 c6 {Judit likes this system,it does not offer black
much however it is a tough nut to crack.} 8. Bc3 d5 9. Nbd2 {I prefer this} ({
to} 9. Ne5 Nfd7 10. Nxd7 Nxd7 11. Nd2 O-O 12. O-O) 9... Nbd7 10. O-O O-O 11.
Re1 c5 12. e4 dxe4 (12... Nxe4 13. Nxe4 dxe4 {looks more accurate if you want
to exchange on e4 everything.}) 13. Nxe4 (13. Ng5 cxd4 14. Bxd4 Bb7 15. Ndxe4
Nxe4 {transposes to the text.}) 13... Bb7 14. Nfg5 cxd4 (14... Qc7 {was played
by GM Lautier against me in Ohrid 2001.}) 15. Bxd4 ({I was calculating the
following line during the game.} 15. Nxf6+ Nxf6 16. Bxb7 Rb8 17. Qxd4 Qxd4 18.
Bxd4 Rxb7 $11) 15... Nxe4 16. Bxe4 $5 {I wanted to place my queen on f3 that
was why I went for this exchange.} (16. Nxe4 Qc7 17. Nc3 {has even Karpov's
trademark on.} Bxg2 18. Kxg2 Qc6+ 19. Qf3 Qxf3+ 20. Kxf3 Rfd8 $11) 16... Bxe4
17. Nxe4 Nc5 18. Bc3 $1 $146 {Showing good fighting ability but nothing more.}
(18. Nxc5 bxc5 19. Bc3 a5 $132) 18... Nxe4 {Draw offer.} 19. Rxe4 $14 Bf6 (
19... Qxd1+ 20. Rxd1 Rfd8 21. Ree1 $1 $14 {and white is slightly better.} (21.
Red4 Rxd4 22. Rxd4 Bf6 23. Rd3 Bxc3 24. Rxc3 Kf8 $11)) 20. Qxd8 $6 {I have
forgotten my prepared move against 19...Bf6.} (20. Qf3 $1 {Grischuk} Bxc3 21.
Qxc3 Qe7 22. Rd4 Rfd8 23. Rad1 $14 {and once GM Adorjan was aiming for such an
ending against GM Sax..}) 20... Rfxd8 21. Bxf6 gxf6 22. Rg4+ {Here I have
decided to force a draw because after white has lost the d line black
objectively could not be better.} (22. Re2 $1 Rd4 $1 23. Rc1 Rad8 24. f4 f5 25.
Kf2 Kg7 26. c5 bxc5 27. Rxc5 R8d7 $11) (22. c5 bxc5 23. Rc4 Rac8 (23... Rd2 24.
Rxc5 a5 $11) 24. Rac1 Rd2 25. Ra4 Rc7 26. Rcc4 Rdd7 27. Ra5 Rd5 28. Rca4 $11)
22... Kf8 23. Rh4 Kg7 24. Rg4+ Kf8 25. Rh4 1/2-1/2

[Event "Valjevo"]
[Site "Valjevo"]
[Date "2007.06.15"]
[Round "3"]
[White "Atalik, Suat"]
[Black "Karpov, Anatoly"]
[Result "1/2-1/2"]
[WhiteElo "2584"]
[BlackElo "2668"]
[Annotator "Atalik,S"]
[PlyCount "64"]
[EventDate "2007.06.13"]
[EventType "tourn"]
[EventRounds "9"]
[EventCountry "YUG"]
[EventCategory "15"]
[SourceTitle "CBM 119"]
[Source "ChessBase"]
[SourceDate "2007.08.01"]
[SourceVersion "1"]
[SourceVersionDate "2007.08.01"]
[SourceQuality "1"]

1. d4 Nf6 2. c4 e6 3. Nf3 b6 4. g3 Ba6 5. b3 {To play a former world champion
of this caliber is always difficult. I wanted to play a logical game against
Tolya Evgenievich.} Bb4+ 6. Bd2 Be7 7. Bg2 c6 8. Bc3 d5 9. Nbd2 {A solid
system which should give some advantage for White.} (9. Ne5 Nfd7 10. Nxd7 Nxd7
11. Nd2 f5 12. O-O O-O 13. Rc1 Rc8 14. Bb2 $13 {is considered to be better for
White, but I have very bad memories of it, connected with my lost to GM
Emanuel Berg in the Sigeman Invitational, last year.}) 9... Nbd7 10. O-O O-O
11. Re1 Bb7 (11... c5 {is another line which is semi-independent from ours.}
12. e4 Nxe4 (12... dxe4 13. Ng5 Bb7 14. Ndxe4 cxd4 (14... Qc7 15. Nxf6+ Bxf6
16. Bxb7 Qxb7 17. Ne4 Bxd4 18. Bxd4 cxd4 19. Qxd4 Rad8 20. Rad1 Qc7 21. Qd6 $14
{S.Atalik-Lautier,Ohrid(m/2) 2001.}) 15. Bxd4 Nxe4 16. Bxe4 Bxe4 17. Nxe4 Nc5
18. Bc3 $14 {S.Atalik-J.Polgar,Bled(ol) 2002.}) (12... dxc4 13. Nxc4 cxd4 14.
Nxd4 Rc8 15. Rc1 $5 b5 $2 (15... Bxc4 $1 16. bxc4 e5 17. Nf3 Qc7 18. Bb2 $13)
16. e5 $16 {S.Atalik-Ehlvest,Philadelphia 2000.})) 12. e4 Nxe4 $1 {This is the
correct way to capture on e4 without allowing the line below and above.} (12...
dxe4 13. Ng5 c5 14. Ndxe4 $14) 13. Nxe4 dxe4 14. Rxe4 c5 15. Re2 $1 (15. Re3
$11 {is all completey worked out.} Bf6 16. dxc5 Bxc3 17. Rxc3 Nxc5 18. Ne5 $11
{with P.Nikolic-Almasi,Bosnian League 2007 being one of the latest examples.})
15... Bf6 16. Rd2 $8 (16. Qc2 $6 Qc7 $1 (16... Bxf3 17. Bxf3 cxd4 18. Bxa8 Qxa8
19. Rd1 Ne5 20. Rxe5 Bxe5 21. Bxd4 Bxd4 22. Rxd4 Rd8 23. Qd2 Rxd4 24. Qxd4 $14)
17. Rd1 $11) (16. Rc1 cxd4 17. Nxd4 Bxg2 18. Kxg2 Qc7 19. Rd2 Nc5 20. Nb5 Qc6+
$13 21. Qf3 $140 $2 Qxf3+ 22. Kxf3 Bg5 $19) 16... Qc8 $5 {Played after long
thought.} (16... Qc7 $2 17. dxc5 Nxc5 18. Bxf6 gxf6 19. b4 Na6 20. Rd7 Rfd8 21.
Rxc7 Rxd1+ 22. Rxd1 Nxc7 23. Rd7 $16) (16... Qe7 17. Qc2 $14) 17. Qc2 $5 {
Is this always the best square for the queen in this line?} (17. Qe2 cxd4 18.
Bxd4 Qc7 19. Rad1 Rad8 20. Bxf6 Nxf6 21. Ne5 Bxg2 22. Kxg2 Rxd2 23. Rxd2 Rd8
24. Rxd8+ Qxd8 25. Qf3 $14) 17... cxd4 18. Bxd4 Bxd4 (18... e5 $5 19. Bc3 e4
20. Bh3 Bxc3 21. Bxd7 Qc5 22. Qxc3 exf3 23. b4 Qc7 24. c5 bxc5 25. Qxc5 $14)
19. Rxd4 Nf6 20. Rad1 Qc7 21. Qe2 $5 (21. Ng5 Bxg2 22. Kxg2 Rad8 23. Ne4 Nxe4
24. Qxe4 Rxd4 25. Qxd4 Rc8 $14) 21... Bxf3 $1 {Just in time. I should have
never allowed this.} 22. Qxf3 Rad8 23. Qd3 (23. Rxd8 Rxd8 24. Rxd8+ Qxd8 25. b4
Qc8 $1 (25... Kf8 $2 26. c5 bxc5 27. bxc5 Nd5 28. Qd3 g6 29. c6 Ke8 30. Qb3 $16
) 26. c5 bxc5 27. bxc5 Nd5 28. Qa3 Qc7 $11) 23... Rxd4 24. Qxd4 Rc8 25. f4 Kf8
$1 $11 {Black equalizes by simply bringing his king to the centre.} 26. Bf3 Ke7
27. Kf2 h5 28. h4 $5 Qc5 29. Ke2 g6 (29... a5 30. Qd3 $5 $13) 30. Bb7 Qxd4 31.
Rxd4 Rc7 32. Be4 $5 a5 {He offered a draw with this move and I accepted.} (
32... a5 33. Ke3 Ne8 34. a3 Nd6 35. Bd3 Rc5 36. Kf3 Rc8 37. Ke3 Nf5+ 38. Bxf5
gxf5 39. a4 $1 $11) 1/2-1/2